| 000 | 00371nam a22001337a 4500 | ||
|---|---|---|---|
| 082 |
_a346.5491015 _bAWA |
||
| 100 | _aAwan, Malik Saleem Iqbal | ||
| 245 |
_aThe Manual of Muslim Family Laws/ _cMalik Saleem Iqbal Awan. |
||
| 260 |
_aLahore, _bLords Law Book House, _c2022. |
||
| 300 |
_aiv, 1132p. ; _c24.5 cm. |
||
| 563 | _aHB | ||
| 650 |
_aLaw _935302 |
||
| 942 |
_2ddc _cBK |
||
| 999 |
_c613022 _d613022 |
||